00740 a2200145 4500003000500000005001700005040000900022082001200031100001800043245004100061260003900102300000800141505042100149650002400570Nust20230201145522.0 cNust a934,NAT aM. S. Nateson aPre Mussalman India / cM.S. Nateson aLondonbSri Vani Vilas Pressc1917 a138 aIntroduction (Page-Xvii), The Age Of The Ithasas (Page-1), The Dravidians (Page-18), The Post Vedic Ages (Page-20), Mahavira (Page-25), Foreign Invasions (Page-32), Alexander The Great (Page-34), The Later Guptas (Page-68), The Harsha Empire (Page-72), Hiuen Tsag (Page-75), Sultan Muhammad Ghor Ali (Page-11), The Sultan Dehli (Page-115), Conclusion (Page-116), The Series Of India History (Page-126). aPre Mussalman india